Dimensions of social psychology / (Record no. 33495)
[ view plain ]
| 000 -LEADER | |
|---|---|
| fixed length control field | 00756nam a22002411 4500 |
| 001 - CONTROL NUMBER | |
| control field | 33495 |
| 003 - CONTROL NUMBER IDENTIFIER | |
| rucl marc code | BD-RjUL |
| 005 - DATE AND TIME OF LATEST TRANSACTION | |
| control field | 20211209052023.0 |
| 008 - FIXED-LENGTH DATA ELEMENTS--GENERAL INFORMATION | |
| fixed length control field | 140508s1964 ilua b 001 0 eng d |
| 035 ## - SYSTEM CONTROL NUMBER | |
| System control number | (BD-RjUL)33586 |
| 040 ## - CATALOGING SOURCE | |
| Original cataloging agency | DLC |
| Transcribing agency | DLC |
| Modifying agency | DLC |
| -- | BD-RjUL |
| Language of cataloging | eng |
| 041 ## - LANGUAGE CODE | |
| Language code of text/sound track or separate title | eng |
| 082 00 - DEWEY DECIMAL CLASSIFICATION NUMBER | |
| Classification number | 301.15082 |
| Author mark and year | VID 1964 |
| 100 1# - MAIN ENTRY--PERSONAL NAME | |
| Personal name | Vinacke, W. Edgar |
| Fuller form of name | (William Edgar), |
| Dates associated with a name | 1917-1991. |
| 9 (RLIN) | 101650 |
| 245 10 - TITLE STATEMENT | |
| Title | Dimensions of social psychology / |
| Statement of responsibility, etc. | W. Edgar Vinacke, Warner R. Wilson and Gerald M. Meredith. |
| 260 ## - PUBLICATION, DISTRIBUTION, ETC. (IMPRINT) | |
| Place of publication, distribution, etc. | Chicago : |
| Name of publisher, distributor, etc. | Scott, Foresman, |
| Date of publication, distribution, etc. | 1964. |
| 300 ## - PHYSICAL DESCRIPTION | |
| Pagination | 563 p. : |
| Illustrations | ill. ; |
| Size | 26 cm. |
| 504 ## - BIBLIOGRAPHY, ETC. NOTE | |
| Bibliography, etc | Includes bibliographies. and Index |
| 650 #0 - SUBJECT ADDED ENTRY--TOPICAL TERM | |
| Topical term or geographic name as entry element | Social psychology. |
| 9 (RLIN) | 101651 |
| 942 ## - ADDED ENTRY ELEMENTS (KOHA) | |
| Source of classification or shelving scheme | Dewey Decimal Classification |
| Koha item type | Books |
| Lost status | Source of classification or shelving scheme | Damaged status | Not for loan | Collection code | Permanent Location | Current Location | Shelving location | Date acquired | Source of acquisition | Cost, normal purchase price | Total Checkouts | Full call number | Date last seen | Copy number | Koha item type |
|---|---|---|---|---|---|---|---|---|---|---|---|---|---|---|---|
| Dewey Decimal Classification | Non-fiction | Central Library, University of Rajshahi | Central Library, University of Rajshahi | 14/11/1968 | Zeitlinger | 56.60 | 302 VID 1964 | 08/05/2014 | C-5 | Books | |||||
| Dewey Decimal Classification | Non-fiction | Central Library, University of Rajshahi | Central Library, University of Rajshahi | 14/11/1968 | Zitlinger | 56.60 | 302 VID 1964 | 12/05/2014 | C-3 | Books | |||||
| Dewey Decimal Classification | Reference | Central Library, University of Rajshahi | Central Library, University of Rajshahi | 14/11/1968 | Zeitlinger | 56.00 | 302 VID 1964 | 12/05/2014 | C-2 | Books | |||||
| Dewey Decimal Classification | Not For Loan | Non-fiction | Central Library, University of Rajshahi | Central Library, University of Rajshahi | Reading Room | 14/11/1968 | Zeitlinger | 56.60 | 302 VID 1964 | 12/05/2014 | C-1 | Books | |||
| Dewey Decimal Classification | Non-fiction | Central Library, University of Rajshahi | Central Library, University of Rajshahi | 14/11/1968 | Zeitlinger | 56.60 | 302 VID 1964 | 14/05/2014 | C-4 | Books |